Produkt w fazie spadku i odnowienia

Guardado en:
Detalles Bibliográficos
Otros Autores: Sojkin, Bogdan
Formato: Libro
Lenguaje:polaco
inglés
Publicado: Poznań Wydawnictwo Uniwersytetu Ekonomicznego w Poznaniu 2011
Colección:Zeszyty naukowe 165
Materias:
Etiquetas: Agregar Etiqueta
Sin Etiquetas, Sea el primero en etiquetar este registro!

MARC

LEADER 00000nam a2200000 4500
001 0132570
005 20240109073610.5
020 |a 978-83-7417-547-0 
022 |a 1689-7374 
041 0 |a pol 
041 0 |a eng 
044 |a PL 
245 1 0 |a Produkt w fazie spadku i odnowienia  |c redaktor naukowy Bogdan Sojkin 
264 1 |a Poznań  |b Wydawnictwo Uniwersytetu Ekonomicznego w Poznaniu  |c 2011 
300 |a 112 s. 
490 1 |a Zeszyty naukowe  |v 165 
830 0 |a Zeszyty naukowe  |v 165 
610 2 0 |a produkty 
610 2 0 |a inovácia výrobkov 
610 2 0 |a technológie nové 
700 1 |a Sojkin, Bogdan